000 00788nam a2200229Ii 4500
003 JO-AjNU
008 230605s9999||||xx |||||||||||||| ||und||
017 _a2009/6/2380
020 _a978-9957-07-677-1
040 _aJO-AjNU
_bara
_erda
_cJO-AjNU
041 _aara
050 1 4 _aJQ1833.A92.N374 2010
100 3 _aناصر، إبراهيم عبدالله، شويحات، صفاء نعمة م. مشارك، الزبون، محمد سليم م. مشارك,
_eauthor
_957767
245 0 0 _aالمواطنة الأردنية
250 _aط1
264 3 1 _aعمان: دار الفكر، 2010
300 _a344ص
336 _atext
_btxt
_2rdacontent
337 _aunmediated
_bn
_2rdamedia
338 _avolume
_bnc
_2rdacarrier
650 4 _aالمواطنة - الأردن
_957768
999 _aA25906
_c29474
_d29474